2017 Movie Taglines Quiz Stats

Quiz Updated Jan 18, 2018

Challenge
Share
Tweet
Embed
Score 0/24 Timer 05:00
9 Plays Today
% Correct
Pirates of the Caribbean: Dead Men Tell No Tales
94.9%
Guardians of the Galaxy Vol. 2
94%
Daddy's Home 2
93%
The Boss Baby
92.9%
A Bad Moms Christmas
92.7%
The LEGO Batman Movie
92.7%
Justice League
90.3%
Wonder Woman
89.7%
Paddington 2
89.5%
Murder on the Orient Express
87.3%
Dunkirk
84.8%
Thor: Ragnarok
84.1%
% Correct
The Hitman's Bodyguard
84.1%
Beauty and the Beast
83.7%
Spider-Man: Homecoming
77.3%
The Mummy
77.1%
War for the Planet of the Apes
75.1%
Get Out
70.4%
It
64.9%
Baby Driver
63.2%
Logan
61.3%
Geostorm
54.6%
Annabelle: Creation
48.5%
Transformers: The Last Knight
43.3%

You're not logged in!

Compare scores with friends on all Sporcle quizzes.
Sign Up with Email
OR
Log In

You Might Also Like...

Show Comments

Extras

Top Quizzes Today


Score Distribution

Your Account Isn't Verified!

In order to create a playlist on Sporcle, you need to verify the email address you used during registration. Go to your Sporcle Settings to finish the process.

Report this User

Report this user for behavior that violates our Community Guidelines.

Details: